000 00745nam a22002537a 4500
001 BR7400918
003 BR-BrBNA
005 20230928084537.0
007 ta
008 230509b bl.||||| |||| 00| 0 por d
040 _aBR-BrBNA
_bpor
_cBiblioteca Nacional de Agricultura
041 _a(Por)
072 _aQ10
_b0430
_b/G514
090 _ 0430 BR7400918
110 1 _aBolsa de Mercadorias de Sao Paulo, Sao Paulo (Brasil). Lab. de Tecnologia
_91276
245 1 _aO valor industrial dos carocos de algodao de producao paulista [Brasil]
260 3 _aSao Paulo, SP (Brasil):
_c1942.
300 _a35 p.
650 _aALGODAO
650 _aSAO PAULO
650 _aINDUSTRIALIZACAO
909 _a202309
_bLucia
_c55
_dLucia Elande
942 _cBK
999 _c19647
_d19647